[Event "Liga Madrileña - DH 2012-2013"]
[Site "Madrid ESP"]
[Date "2013.03.03"]
[Round "12.21"]
[White "Alcazar Jimenez, Victor Manuel"]
[Black "Pilgaard, Kim"]
[Result "1-0"]
[WhiteElo "2373"]
[BlackElo "2432"]
[PlyCount "56"]
[EventDate "2012.11.18"]
[EventRounds "14"]
[EventCountry "ESP"]
[Source "lmi"]
[SourceDate "2012.11.18"]
[WhiteTeam "Blanco y Negro"]
[BlackTeam "Cafe Comercial"]
[WhiteTeamCountry "ESP"]
[BlackTeamCountry "ESP"]

1. c4 e5 2. Nf3 Nc6 3. Nc3 Nf6 4. d4 exd4 5. Nxd4 Bb4 6. Nxc6 bxc6 7. Qc2 O-O
8. a3 Bxc3+ 9. Qxc3 Ne4 10. Qc2 d5 11. e3 Bf5 12. Bd3 Re8 13. cxd5 cxd5 14. O-O
Qd7 15. Rd1 Bg6 16. b4 Rac8 17. Bb2 c5 18. Qe2 Qe7 19. Ba6 Rb8 20. Rxd5 cxb4
21. Re5 Qf8 22. axb4 Qxb4 23. Rxe8+ Rxe8 24. Bd4 Nc5 25. Qb5 Qxb5 26. Bxb5 Rb8
27. Bc4 Nb3 28. Bxa7 Rb7 1-0

[Event "Liga Madrileña - DH 2012-2013"]
[Site "Madrid ESP"]
[Date "2013.03.03"]
[Round "12.22"]
[White "Ortega Ruiz, Jose Miguel"]
[Black "Alarcia Astriz, Carlos"]
[Result "0-1"]
[WhiteElo "2323"]
[BlackElo "2335"]
[PlyCount "64"]
[EventDate "2012.11.18"]
[EventRounds "14"]
[EventCountry "ESP"]
[Source "lmi"]
[SourceDate "2012.11.18"]
[WhiteTeam "Cafe Comercial"]
[BlackTeam "Blanco y Negro"]
[WhiteTeamCountry "ESP"]
[BlackTeamCountry "ESP"]

1. d4 Nf6 2. c4 e6 3. Nf3 Bb4+ 4. Bd2 Bxd2+ 5. Qxd2 b6 6. g3 Bb7 7. Bg2 O-O 8.
O-O d6 9. Nc3 Nbd7 10. d5 e5 11. e4 Nc5 12. Nh4 a5 13. b3 Bc8 14. f4 exf4 15.
Qxf4 a4 16. Nb5 axb3 17. axb3 Rxa1 18. Rxa1 Nxb3 19. Ra7 Ne8 20. Nf5 Bd7 21. e5
dxe5 22. Qxe5 Bxf5 23. Qxf5 Nd6 24. Qf4 g5 25. Qe3 Nxb5 26. cxb5 Nc5 27. Qe5
Re8 28. Qf5 Re1+ 29. Kf2 Qe7 30. Bf3 Qe3+ 31. Kg2 Nd3 32. h4 Qg1+ 0-1

[Event "Liga Madrileña - DH 2012-2013"]
[Site "Madrid ESP"]
[Date "2013.03.03"]
[Round "12.23"]
[White "Alcazar Jimenez, Jesus Alberto"]
[Black "Arruebarrena, Rafael"]
[Result "0-1"]
[WhiteElo "2231"]
[BlackElo "2245"]
[PlyCount "76"]
[EventDate "2012.11.18"]
[EventRounds "14"]
[EventCountry "ESP"]
[Source "lmi"]
[SourceDate "2012.11.18"]
[WhiteTeam "Blanco y Negro"]
[BlackTeam "Cafe Comercial"]
[WhiteTeamCountry "ESP"]
[BlackTeamCountry "ESP"]

1. d4 Nf6 2. Bg5 e6 3. e4 h6 4. Bxf6 Qxf6 5. Nf3 d6 6. Nc3 Nd7 7. Qd2 c6 8.
O-O-O e5 9. dxe5 dxe5 10. Nb5 Kd8 11. Bc4 Bc5 12. Qc3 cxb5 13. Bxb5 Bd4 14. Qd3
a6 15. Bxd7 Bxd7 16. c3 Qf4+ 17. Kb1 Bb5 18. Qe3 Qxe3 19. fxe3 Bc6 20. Nxe5
Bxe4+ 21. Kc1 Ke7 22. Rxd4 Bxg2 23. Rg1 Bh3 24. Rf4 g5 25. Rxf7+ Ke6 26. Rf3
Bf5 27. Nc4 Be4 28. Rf2 Bd3 29. Nd2 Rhf8 30. Rgg2 Bb5 31. Nf3 Kd5 32. Nd4 Bf1
33. Rxf8 Rxf8 34. Rg4 Bh3 35. Rg3 Bd7 36. Rg2 Ke4 37. Kd2 Bh3 38. Rg3 Rf2+ 0-1

[Event "Liga Madrileña - DH 2012-2013"]
[Site "Madrid ESP"]
[Date "2013.03.03"]
[Round "12.24"]
[White "Castellanos Vazquez, Jorge"]
[Black "Martinez Lozano, Miguel Angel"]
[Result "1-0"]
[WhiteElo "2191"]
[BlackElo "2230"]
[PlyCount "83"]
[EventDate "2012.11.18"]
[EventRounds "14"]
[EventCountry "ESP"]
[Source "lmi"]
[SourceDate "2012.11.18"]
[WhiteTeam "Cafe Comercial"]
[BlackTeam "Blanco y Negro"]
[WhiteTeamCountry "ESP"]
[BlackTeamCountry "ESP"]

1. e4 c5 2. Nf3 a6 3. b3 d6 4. Bb2 e5 5. Be2 Nf6 6. d3 g6 7. O-O Bg7 8. Nbd2
O-O 9. c3 Re8 10. Qc2 d5 11. exd5 Nxd5 12. Rfe1 Nc6 13. Ne4 b6 14. a3 f5 15.
Ng3 Bb7 16. b4 cxb4 17. cxb4 Rc8 18. Qb3 Kh8 19. Bf1 Qd7 20. Ne2 b5 21. Rad1
Nb6 22. Ng5 h6 23. Nf3 Na4 24. Ba1 Nd4 25. Nfxd4 exd4 26. Nf4 Kh7 27. Rxe8 Rxe8
28. Rc1 Qd6 29. Ne2 Re7 30. Qc2 f4 31. f3 Qe6 32. Qd2 g5 33. Bxd4 Bxd4+ 34.
Nxd4 Qd5 35. Qf2 Rd7 36. Nc2 Qa2 37. d4 Bd5 38. Bd3+ Kg7 39. Qe2 Bf7 40. Qe5+
Kg8 41. Ne3 Rd8 42. Nf5 1-0

[Event "Liga Madrileña - DH 2012-2013"]
[Site "Madrid ESP"]
[Date "2013.03.03"]
[Round "12.25"]
[White "Rivas Vila, David"]
[Black "Beltran Redrado, Jose Antonio"]
[Result "1-0"]
[WhiteElo "2213"]
[BlackElo "2009"]
[PlyCount "79"]
[EventDate "2012.11.18"]
[EventRounds "14"]
[EventCountry "ESP"]
[Source "lmi"]
[SourceDate "2012.11.18"]
[WhiteTeam "Blanco y Negro"]
[BlackTeam "Cafe Comercial"]
[WhiteTeamCountry "ESP"]
[BlackTeamCountry "ESP"]

1. e4 c6 2. Nc3 d5 3. Nf3 Bg4 4. h3 Bh5 5. exd5 cxd5 6. g4 Bg6 7. Bb5+ Nc6 8.
Ne5 Rc8 9. d4 e6 10. Qe2 Qb6 11. h4 Bb4 12. a3 Bxc3+ 13. bxc3 Nge7 14. h5 Be4
15. f3 f6 16. Nxc6 bxc6 17. Bd3 Bxd3 18. cxd3 c5 19. Be3 c4 20. O-O O-O 21.
Rfb1 Qd6 22. Bf2 cxd3 23. Qxd3 Rc4 24. Rb7 Rfc8 25. Be1 Nc6 26. Rab1 Qxa3 27.
h6 Ne7 28. Qe3 R4c6 29. Rd7 Re8 30. Rbb7 a6 31. g5 e5 32. dxe5 fxg5 33. e6 gxh6
34. Qe5 Rc4 35. Rxe7 Qxe7 36. Rxe7 Rxe7 37. Qd6 Re8 38. Qd7 Rcc8 39. Qf7+ Kh8
40. Bf2 1-0

[Event "Liga Madrileña - DH 2012-2013"]
[Site "Madrid ESP"]
[Date "2013.03.03"]
[Round "12.26"]
[White "Galan Fernandez, Felix"]
[Black "Aguado Solana, Juan"]
[Result "0-1"]
[WhiteElo "2004"]
[BlackElo "2082"]
[PlyCount "64"]
[EventDate "2012.11.18"]
[EventRounds "14"]
[EventCountry "ESP"]
[Source "lmi"]
[SourceDate "2012.11.18"]
[WhiteTeam "Cafe Comercial"]
[BlackTeam "Blanco y Negro"]
[WhiteTeamCountry "ESP"]
[BlackTeamCountry "ESP"]

1. e4 c5 2. Nf3 d6 3. d4 cxd4 4. Nxd4 Nf6 5. Nc3 a6 6. h3 b5 7. a3 Bb7 8. Qe2
Nbd7 9. g4 Nc5 10. Bg2 e5 11. Nf5 Rc8 12. O-O Ne6 13. Re1 g6 14. Ng3 Nd4 15.
Qd3 Nd7 16. Be3 Nc5 17. Qd2 Bg7 18. f4 Nce6 19. f5 Nf4 20. Bxd4 exd4 21. Nce2
Nxg2 22. Kxg2 Be5 23. Rf1 Qh4 24. f6 h5 25. Rh1 Kd7 26. Qd3 hxg4 27. hxg4 Qxg4
28. Kf2 Qg5 29. Nxd4 Qf4+ 30. Ke2 Qxg3 31. Qxg3 Bxg3 32. Rhg1 Be5 0-1

[Event "Liga Madrileña - DH 2012-2013"]
[Site "Madrid ESP"]
[Date "2013.03.03"]
[Round "12.31"]
[White "Anton Guijarro, David"]
[Black "Candela Perez, Jose"]
[Result "1-0"]
[WhiteElo "2559"]
[BlackElo "2393"]
[PlyCount "157"]
[EventDate "2012.11.18"]
[EventRounds "14"]
[EventCountry "ESP"]
[Source "lmi"]
[SourceDate "2012.11.18"]
[WhiteTeam "Virgen de Atocha"]
[BlackTeam "Casa del Ajedrez"]
[WhiteTeamCountry "ESP"]
[BlackTeamCountry "ESP"]

1. Nf3 d5 2. b3 Nf6 3. Bb2 e6 4. e3 Bd6 5. d4 O-O 6. Bd3 c5 7. O-O Nc6 8. a3
Qe7 9. Ne5 Nd7 10. Nxd7 Bxd7 11. Nd2 e5 12. dxc5 Bxc5 13. b4 Bd6 14. c4 dxc4
15. Nxc4 Bc7 16. b5 Na5 17. Nxa5 Bxa5 18. Qa4 Bc7 19. Qe4 g6 20. Qxb7 Qd6 21.
Rac1 Qxd3 22. Qxc7 Qxb5 23. Qxe5 Qxe5 24. Bxe5 Rfc8 25. h4 f5 26. Rb1 Bc6 27.
Kh2 Kf7 28. Bd4 a5 29. Rfc1 Be4 30. Rxc8 Rxc8 31. Rb5 a4 32. Ra5 Ra8 33. Rc5 h5
34. f3 Bd3 35. Rc7+ Kf8 36. Kg3 Ra6 37. Bc5+ Kg8 38. Kf4 Bf1 39. Bd4 Kf8 40.
Rc1 Bb5 41. Kg5 Ke7 42. Rc5 Be8 43. Bc3 Re6 44. Bb4 Kd7 45. Kf4 Kd8 46. Ba5+
Ke7 47. Rc7+ Kd6 48. Rc8 Kd7 49. Rd8+ Kc6 50. Bc3 Kc7 51. Ra8 Kb7 52. Ra5 Kc7
53. Bd4 Kb7 54. Ra7+ Kb8 55. Rg7 Kc8 56. g3 Kd8 57. e4 fxe4 58. fxe4 Bc6 59. e5
Be8 60. Bc3 Bb5 61. Ba5+ Ke8 62. Bb4 Bd3 63. Bd6 Bc2 64. Ke3 Bb3 65. Kd4 Bc2
66. Kd5 Bb3+ 67. Kc6 Bc2 68. Rg8+ Kf7 69. Rf8+ Kg7 70. Rf2 Bb3 71. Kd7 Kg8 72.
Rf4 Kg7 73. Rxa4 Rxd6+ 74. exd6 Bxa4+ 75. Ke7 g5 76. d7 Bxd7 77. Kxd7 Kf6 78.
a4 Kf5 79. a5 1-0

[Event "Liga Madrileña - DH 2012-2013"]
[Site "Madrid ESP"]
[Date "2013.03.03"]
[Round "12.32"]
[White "Gallego Jimenez, Victoriano"]
[Black "Arribas Lopez, Angel"]
[Result "0-1"]
[WhiteElo "2385"]
[BlackElo "2477"]
[PlyCount "64"]
[EventDate "2012.11.18"]
[EventRounds "14"]
[EventCountry "ESP"]
[Source "lmi"]
[SourceDate "2012.11.18"]
[WhiteTeam "Casa del Ajedrez"]
[BlackTeam "Virgen de Atocha"]
[WhiteTeamCountry "ESP"]
[BlackTeamCountry "ESP"]

1. d4 e6 2. c4 b6 3. a3 Bb7 4. Nc3 Nf6 5. d5 e5 6. Nf3 d6 7. e4 Nbd7 8. b4 Be7
9. Bd3 O-O 10. O-O Nh5 11. Bc2 g6 12. Bh6 Ng7 13. Qd2 Ba6 14. Bd3 Kh8 15. Rfc1
Bc8 16. Na4 Nf6 17. c5 Ng4 18. cxd6 cxd6 19. Bg5 f6 20. Bh4 g5 21. Bg3 f5 22.
exf5 Nxf5 23. Nc3 Nxg3 24. fxg3 b5 25. Ne4 Bf5 26. Rc6 Bd7 27. Rc2 Qb6+ 28. Kh1
Ne3 29. Rcc1 h6 30. Nc5 dxc5 31. Qxe3 c4 32. Qxe5+ Bf6 0-1

[Event "Liga Madrileña - DH 2012-2013"]
[Site "Madrid ESP"]
[Date "2013.03.03"]
[Round "12.33"]
[White "Almagro Llanas, Pablo"]
[Black "Bass, Leonid"]
[Result "1-0"]
[WhiteElo "2442"]
[BlackElo "2419"]
[PlyCount "37"]
[EventDate "2012.11.18"]
[EventRounds "14"]
[EventCountry "ESP"]
[Source "lmi"]
[SourceDate "2012.11.18"]
[WhiteTeam "Virgen de Atocha"]
[BlackTeam "Casa del Ajedrez"]
[WhiteTeamCountry "ESP"]
[BlackTeamCountry "ESP"]

1. e4 d6 2. d4 Nf6 3. Nc3 e5 4. Nf3 Nbd7 5. Bc4 Be7 6. O-O O-O 7. a4 c6 8. Ba2
h6 9. Qe2 Re8 10. Rd1 Bf8 11. dxe5 dxe5 12. Nh4 Qc7 13. Rd3 Nc5 14. Rg3 Kh7 15.
Qf3 Be6 16. Nf5 Bxa2 17. Nxg7 Bxg7 18. Qf5+ Kh8 19. Bxh6 1-0

[Event "Liga Madrileña - DH 2012-2013"]
[Site "Madrid ESP"]
[Date "2013.03.03"]
[Round "12.34"]
[White "Rojo Huerta, Gabriel"]
[Black "Rubio Mejia, Luis Ignacio"]
[Result "1/2-1/2"]
[WhiteElo "2356"]
[BlackElo "2432"]
[PlyCount "43"]
[EventDate "2012.11.18"]
[EventRounds "14"]
[EventCountry "ESP"]
[Source "lmi"]
[SourceDate "2012.11.18"]
[WhiteTeam "Casa del Ajedrez"]
[BlackTeam "Virgen de Atocha"]
[WhiteTeamCountry "ESP"]
[BlackTeamCountry "ESP"]

1. d4 Nf6 2. c4 e6 3. Nf3 Bb4+ 4. Bd2 Qe7 5. g3 Nc6 6. Bg2 Bxd2+ 7. Nbxd2 a5 8.
O-O d6 9. e4 e5 10. d5 Nb8 11. Ne1 h5 12. h4 O-O 13. Nd3 Nbd7 14. Qe2 c6 15.
Rfc1 cxd5 16. cxd5 b6 17. Bf3 Ba6 18. Nc4 Rfc8 19. b3 g6 20. Qe3 Bxc4 21. bxc4
Rc7 22. Nb2 1/2-1/2

[Event "Liga Madrileña - DH 2012-2013"]
[Site "Madrid ESP"]
[Date "2013.03.03"]
[Round "12.35"]
[White "Martinez Martin, David"]
[Black "Unciti Juan, Javier"]
[Result "1-0"]
[WhiteElo "2388"]
[BlackElo "2196"]
[PlyCount "53"]
[EventDate "2012.11.18"]
[EventRounds "14"]
[EventCountry "ESP"]
[Source "lmi"]
[SourceDate "2012.11.18"]
[WhiteTeam "Virgen de Atocha"]
[BlackTeam "Casa del Ajedrez"]
[WhiteTeamCountry "ESP"]
[BlackTeamCountry "ESP"]

1. Nf3 e6 2. c4 d5 3. d4 c5 4. cxd5 exd5 5. e3 Nf6 6. Bb5+ Bd7 7. Bxd7+ Qxd7 8.
O-O Nc6 9. Nc3 Bd6 10. dxc5 Bxc5 11. b3 O-O 12. Bb2 a6 13. Na4 Ba7 14. Bxf6
gxf6 15. Rc1 Rfd8 16. Rc2 Rac8 17. Qa1 Qd6 18. Rd2 Ne5 19. Nd4 Ng4 20. g3 Qe5
21. Qd1 Qe4 22. Re1 Ne5 23. f3 Qg6 24. g4 Kh8 25. Kh1 b5 26. Nb2 Rc3 27. Nf5
1-0

[Event "Liga Madrileña - DH 2012-2013"]
[Site "Madrid ESP"]
[Date "2013.03.03"]
[Round "12.36"]
[White "Collado Barbas, Laura"]
[Black "Fernandez Barrera, Victor"]
[Result "0-1"]
[WhiteElo "2151"]
[BlackElo "2312"]
[PlyCount "100"]
[EventDate "2012.11.18"]
[EventRounds "14"]
[EventCountry "ESP"]
[Source "lmi"]
[SourceDate "2012.11.18"]
[WhiteTeam "Casa del Ajedrez"]
[BlackTeam "Virgen de Atocha"]
[WhiteTeamCountry "ESP"]
[BlackTeamCountry "ESP"]

1. d4 Nf6 2. c4 g6 3. Nc3 d5 4. Nf3 Bg7 5. Bg5 Ne4 6. cxd5 Nxg5 7. Nxg5 e6 8.
Qd2 exd5 9. Qe3+ Kf8 10. Qf4 Bf6 11. h4 h6 12. Nxd5 Bxg5 13. Qe5 Rh7 14. hxg5
Nc6 15. Qe4 Bf5 16. Qf3 Nxd4 17. Qa3+ Kg7 18. Ne3 Qxg5 19. Qc3 Qf6 20. Nxf5+
Nxf5 21. Qb4 b6 22. e3 Rhh8 23. Be2 c5 24. Qb3 Rad8 25. Rd1 Rhe8 26. O-O Nd4
27. exd4 Rxe2 28. Qb5 Rc2 29. Qb3 Qf5 30. d5 c4 31. Qb5 Qf6 32. Qa4 Qxb2 33.
Qxa7 Qf6 34. Qa4 Rc3 35. Qb4 h5 36. d6 h4 37. Qxb6 Rd3 38. Rxd3 cxd3 39. Qe3
Qxd6 40. Rd1 Rd7 41. Qe4 d2 42. Qxh4 Re7 43. f3 Qc5+ 44. Kf1 Qb5+ 45. Kg1 Qb6+
46. Kf1 f6 47. Qf4 Qa6+ 48. Kg1 Re1+ 49. Kh2 Rxd1 50. Qc7+ Kh6 0-1

[Event "Liga Madrileña - DH 2012-2013"]
[Site "Madrid ESP"]
[Date "2013.03.03"]
[Round "12.41"]
[White "Valles Moreno, Ivan"]
[Black "Moreno Trujillo, Alejandro"]
[Result "0-1"]
[WhiteElo "2382"]
[BlackElo "2509"]
[PlyCount "76"]
[EventDate "2012.11.18"]
[EventRounds "14"]
[EventCountry "ESP"]
[Source "lmi"]
[SourceDate "2012.11.18"]
[WhiteTeam "Amigos del Retiro"]
[BlackTeam "64 Villalba"]
[WhiteTeamCountry "ESP"]
[BlackTeamCountry "ESP"]

1. e4 e6 2. d4 d5 3. Nc3 Bb4 4. e5 c5 5. a3 Bxc3+ 6. bxc3 Ne7 7. Qg4 Qc7 8.
Qxg7 Rg8 9. Qxh7 cxd4 10. Ne2 Nbc6 11. f4 dxc3 12. Qd3 d4 13. Ng3 Bd7 14. Ne4
O-O-O 15. Nd6+ Kb8 16. Rb1 b6 17. Nb5 Qb7 18. Nd6 Qc7 19. a4 Nd5 20. Ba3 Be8
21. Qh7 Nce7 22. g3 Bxa4 23. Nxf7 Nf5 24. Bd6 Nxd6 25. exd6 Qb7 26. Bg2 Rgf8
27. O-O Qxf7 28. Qe4 Bc6 29. Qxd4 Rxd6 30. Rb3 Qf6 31. Qc5 Kc7 32. Qf2 Rfd8 33.
Ra1 Ra8 34. h4 a5 35. Rab1 Nb4 36. Bxc6 Rxc6 37. Re1 Rd8 38. Qf3 Nxc2 0-1

[Event "Liga Madrileña - DH 2012-2013"]
[Site "Madrid ESP"]
[Date "2013.03.03"]
[Round "12.42"]
[White "Huerga Leache, Mikel"]
[Black "Vallejo Diaz, Javier"]
[Result "1-0"]
[WhiteElo "2450"]
[BlackElo "2401"]
[PlyCount "73"]
[EventDate "2012.11.18"]
[EventRounds "14"]
[EventCountry "ESP"]
[Source "lmi"]
[SourceDate "2012.11.18"]
[WhiteTeam "64 Villalba"]
[BlackTeam "Amigos del Retiro"]
[WhiteTeamCountry "ESP"]
[BlackTeamCountry "ESP"]

1. d4 d5 2. c4 c6 3. Nf3 Nf6 4. e3 e6 5. b3 Nbd7 6. Bb2 Be7 7. Bd3 b6 8. O-O
Bb7 9. Nc3 O-O 10. Qc2 h6 11. e4 dxe4 12. Nxe4 c5 13. Rad1 Qc7 14. dxc5 Nxe4
15. Bxe4 Nxc5 16. Bxb7 Qxb7 17. Rd4 f5 18. b4 Ne4 19. Rfd1 Rad8 20. Qa4 Rxd4
21. Nxd4 Kf7 22. Qc6 Qc8 23. Nf3 Qxc6 24. Ne5+ Kg8 25. Nxc6 Bf6 26. Bxf6 Nxf6
27. f3 Kf7 28. Ne5+ Kg8 29. Nc6 Kf7 30. Rd8 a6 31. Rd6 b5 32. Ne5+ Ke7 33. Rxa6
Rc8 34. Nc6+ Kd7 35. cxb5 Nd5 36. a4 Nc7 37. Ne5+ 1-0

[Event "Liga Madrileña - DH 2012-2013"]
[Site "Madrid ESP"]
[Date "2013.03.03"]
[Round "12.43"]
[White "Sanchez Gonzalez, Sergio"]
[Black "Bermejo Martinez, Jorge"]
[Result "1-0"]
[WhiteElo "2295"]
[BlackElo "2317"]
[PlyCount "69"]
[EventDate "2012.11.18"]
[EventRounds "14"]
[EventCountry "ESP"]
[Source "lmi"]
[SourceDate "2012.11.18"]
[WhiteTeam "Amigos del Retiro"]
[BlackTeam "64 Villalba"]
[WhiteTeamCountry "ESP"]
[BlackTeamCountry "ESP"]

1. c4 g6 2. d4 Bg7 3. Nf3 d6 4. g3 Nf6 5. Bg2 Nc6 6. Nc3 O-O 7. O-O a6 8. a3
Rb8 9. h3 Bd7 10. b4 e5 11. d5 Nd4 12. Nd2 h5 13. e3 Nf5 14. a4 Ne8 15. c5 Nh6
16. e4 Qc8 17. Kh2 h4 18. Nf3 hxg3+ 19. fxg3 Qd8 20. Nh4 Kh7 21. Ra2 Bf6 22.
Nf3 Be7 23. Raf2 Ng8 24. b5 Kg7 25. c6 Bc8 26. Qd3 axb5 27. axb5 f5 28. Be3
bxc6 29. dxc6 fxe4 30. Qxe4 Be6 31. Ng5 Bf5 32. Rxf5 gxf5 33. Ne6+ Kh8 34. Rxf5
d5 35. Rh5+ 1-0

[Event "Liga Madrileña - DH 2012-2013"]
[Site "Madrid ESP"]
[Date "2013.03.03"]
[Round "12.44"]
[White "Renteria Becerra, Jorge Elicer"]
[Black "Perez Gonzalez, Jose Manuel"]
[Result "1/2-1/2"]
[WhiteElo "2300"]
[BlackElo "2314"]
[PlyCount "43"]
[EventDate "2012.11.18"]
[EventRounds "14"]
[EventCountry "ESP"]
[Source "lmi"]
[SourceDate "2012.11.18"]
[WhiteTeam "64 Villalba"]
[BlackTeam "Amigos del Retiro"]
[WhiteTeamCountry "ESP"]
[BlackTeamCountry "ESP"]

1. e4 c5 2. Nf3 g6 3. c4 Nc6 4. d4 cxd4 5. Nxd4 Nf6 6. Nc3 d6 7. Nc2 Bg7 8. Be2
O-O 9. O-O Nd7 10. Bd2 a5 11. Na3 Nc5 12. Nab5 Nd4 13. Nxd4 Bxd4 14. Bh6 Bg7
15. Bxg7 Kxg7 16. b3 Bd7 17. Qd4+ Kg8 18. e5 Ne6 19. Qe3 dxe5 20. Qxe5 Bc6 21.
Rad1 Qc7 22. Qe3 1/2-1/2

[Event "Liga Madrileña - DH 2012-2013"]
[Site "Madrid ESP"]
[Date "2013.03.03"]
[Round "12.45"]
[White "Fernandez Garcia, Miguel Angel"]
[Black "Rioboo de la Riva, Alvaro"]
[Result "1-0"]
[WhiteElo "2307"]
[BlackElo "2233"]
[PlyCount "77"]
[EventDate "2012.11.18"]
[EventRounds "14"]
[EventCountry "ESP"]
[Source "lmi"]
[SourceDate "2012.11.18"]
[WhiteTeam "Amigos del Retiro"]
[BlackTeam "64 Villalba"]
[WhiteTeamCountry "ESP"]
[BlackTeamCountry "ESP"]

1. d4 Nf6 2. c4 g6 3. Nc3 Bg7 4. e4 d6 5. Bd3 O-O 6. Nge2 Nc6 7. O-O e5 8. d5
Ne7 9. f3 Nd7 10. Bg5 a5 11. Qd2 f5 12. exf5 gxf5 13. Bh6 Nc5 14. Bxg7 Kxg7 15.
f4 Ng6 16. Bc2 e4 17. b3 Kf7 18. a3 Rg8 19. Ng3 Qf6 20. Nb5 Bd7 21. Nxc7 Rac8
22. Ne6 Bxe6 23. dxe6+ Nxe6 24. Nxe4 fxe4 25. f5 Ke7 26. fxe6 Qe5 27. Rae1 Rcf8
28. Rf7+ Rxf7 29. exf7 Kxf7 30. Bxe4 Qc5+ 31. Kh1 Rf8 32. Qh6 Kg8 33. Bxg6 hxg6
34. Qxg6+ Kh8 35. h3 Qxa3 36. Qh6+ Kg8 37. Re7 Rf1+ 38. Kh2 Qc1 39. Qg6+ 1-0

[Event "Liga Madrileña - DH 2012-2013"]
[Site "Madrid ESP"]
[Date "2013.03.03"]
[Round "12.46"]
[White "Lopez del Alamo, Antonio"]
[Black "Paredes Sanchez, Juan Antonio"]
[Result "1-0"]
[WhiteElo "2241"]
[BlackElo "2205"]
[PlyCount "79"]
[EventDate "2012.11.18"]
[EventRounds "14"]
[EventCountry "ESP"]
[Source "lmi"]
[SourceDate "2012.11.18"]
[WhiteTeam "64 Villalba"]
[BlackTeam "Amigos del Retiro"]
[WhiteTeamCountry "ESP"]
[BlackTeamCountry "ESP"]

1. e4 c5 2. Nf3 d6 3. d4 Nf6 4. Nc3 cxd4 5. Nxd4 a6 6. Be3 Ng4 7. Bc1 Nf6 8. f3
e6 9. Be3 b5 10. a4 b4 11. Na2 e5 12. Nb3 d5 13. Qd2 Nc6 14. exd5 Nxd5 15. Rd1
Nxe3 16. Qxe3 Qc7 17. Bc4 Be7 18. Bd5 O-O 19. c4 bxc3 20. Nxc3 Rb8 21. O-O Na5
22. Ne4 Nxb3 23. Bxb3 Kh8 24. Rc1 Qb7 25. Rc3 Bb4 26. Rd3 a5 27. Bc4 f5 28. Ng5
h6 29. Nh3 Qc7 30. Qc1 Bd7 31. b3 Rfc8 32. Ng5 hxg5 33. Qxg5 Rb6 34. Rfd1 Be8
35. Rd8 Bc5+ 36. Kh1 Rh6 37. Rxc8 Qxc8 38. Rd8 Qc6 39. Bb5 Rd6 40. Qh5+ 1-0

[Event "Liga Madrileña - DH 2012-2013"]
[Site "Madrid ESP"]
[Date "2013.03.10"]
[Round "13.11"]
[White "Valles Moreno, Ivan"]
[Black "Adan Bermudez, Sergio"]
[Result "1-0"]
[WhiteElo "2382"]
[BlackElo "2285"]
[PlyCount "61"]
[EventDate "2012.11.18"]
[EventRounds "14"]
[EventCountry "ESP"]
[Source "lmi"]
[SourceDate "2012.11.18"]
[WhiteTeam "Amigos del Retiro"]
[BlackTeam "Pueblo Nuevo"]
[WhiteTeamCountry "ESP"]
[BlackTeamCountry "ESP"]

1. d4 d6 2. e4 Nf6 3. Nc3 e5 4. Nf3 Qe7 5. Bc4 exd4 6. Nxd4 d5 7. Nxd5 Nxd5 8.
Bxd5 c6 9. O-O cxd5 10. exd5 Qf6 11. Nb5 Na6 12. Re1+ Kd8 13. Be3 Bd7 14. Qd2
Bb4 15. c3 h6 16. cxb4 Bxb5 17. a4 Bd7 18. Bd4 Qg6 19. d6 Re8 20. b5 Rxe1+ 21.
Rxe1 Bh3 22. g3 Rc8 23. bxa6 b6 24. Qb4 Rc6 25. Bxb6+ Rxb6 26. Qxb6+ axb6 27.
a7 Qxd6 28. a8=Q+ Kc7 29. Rc1+ Kd7 30. Qc8+ Ke7 31. Qxh3 1-0

[Event "Liga Madrileña - DH 2012-2013"]
[Site "Madrid ESP"]
[Date "2013.03.10"]
[Round "13.12"]
[White "Fernandez Lledo, Javier"]
[Black "Martin Rueda, Daniel"]
[Result "0-1"]
[WhiteElo "2238"]
[BlackElo "2290"]
[PlyCount "74"]
[EventDate "2012.11.18"]
[EventRounds "14"]
[EventCountry "ESP"]
[Source "lmi"]
[SourceDate "2012.11.18"]
[WhiteTeam "Pueblo Nuevo"]
[BlackTeam "Amigos del Retiro"]
[WhiteTeamCountry "ESP"]
[BlackTeamCountry "ESP"]

1. Nf3 d5 2. e3 Nf6 3. c4 c6 4. b3 Bf5 5. Bb2 Nbd7 6. Be2 h6 7. d3 e6 8. Nbd2
Bh7 9. O-O Bd6 10. e4 dxe4 11. Nxe4 Nxe4 12. dxe4 Qc7 13. Bxg7 Rg8 14. e5 Nxe5
15. Bxe5 Bxe5 16. Nxe5 Qxe5 17. Bf3 Rd8 18. Qe2 Qxe2 19. Bxe2 Rd2 20. Bf3 Ke7
21. b4 Rb2 22. a3 Rd8 23. c5 a5 24. bxa5 Ra8 25. Rfc1 Bc2 26. Bd1 Bxd1 27. Rxd1
Rxa5 28. Rab1 Rxb1 29. Rxb1 Rxa3 30. Rxb7+ Kf6 31. f3 Rc3 32. Kf2 Rxc5 33. g4
Rc2+ 34. Kg3 Rc3 35. Kf4 e5+ 36. Ke4 h5 37. gxh5 Ke6 0-1

[Event "Liga Madrileña - DH 2012-2013"]
[Site "Madrid ESP"]
[Date "2013.03.10"]
[Round "13.13"]
[White "Perez Gonzalez, Jose Manuel"]
[Black "Navarro Nicolas, Victor Manuel"]
[Result "1-0"]
[WhiteElo "2314"]
[BlackElo "2211"]
[PlyCount "77"]
[EventDate "2012.11.18"]
[EventRounds "14"]
[EventCountry "ESP"]
[Source "lmi"]
[SourceDate "2012.11.18"]
[WhiteTeam "Amigos del Retiro"]
[BlackTeam "Pueblo Nuevo"]
[WhiteTeamCountry "ESP"]
[BlackTeamCountry "ESP"]

1. e4 e6 2. d4 d5 3. Nd2 Nf6 4. e5 Nfd7 5. Bd3 c5 6. c3 Nc6 7. Ne2 cxd4 8. cxd4
f6 9. exf6 Nxf6 10. O-O Bd6 11. Nf3 Qc7 12. Nc3 a6 13. Bg5 O-O 14. Bh4 Nh5 15.
Bg3 Nxg3 16. hxg3 g6 17. Rc1 Qg7 18. Bb1 Bd7 19. Qd3 Rae8 20. Rfe1 Re7 21. Re2
g5 22. Rce1 Ref7 23. Rxe6 Rxf3 24. gxf3 Nxd4 25. Qxh7+ Qxh7 26. Bxh7+ Kxh7 27.
Re7+ Bxe7 28. Rxe7+ Kg6 29. Rxd7 Nxf3+ 30. Kf1 Re8 31. Rxd5 Re1+ 32. Kg2 g4 33.
Rd1 Re7 34. Nd5 Re5 35. Ne3 Kg5 36. Rd7 Ne1+ 37. Kf1 Nf3 38. Rg7+ Kf6 39. Rxg4
1-0

[Event "Liga Madrileña - DH 2012-2013"]
[Site "Madrid ESP"]
[Date "2013.03.10"]
[Round "13.14"]
[White "Barez Menendez, Hector"]
[Black "Fernandez Garcia, Miguel Angel"]
[Result "1-0"]
[WhiteElo "2163"]
[BlackElo "2307"]
[PlyCount "105"]
[EventDate "2012.11.18"]
[EventRounds "14"]
[EventCountry "ESP"]
[Source "lmi"]
[SourceDate "2012.11.18"]
[WhiteTeam "Pueblo Nuevo"]
[BlackTeam "Amigos del Retiro"]
[WhiteTeamCountry "ESP"]
[BlackTeamCountry "ESP"]

1. d4 d5 2. c4 dxc4 3. Qa4+ Nd7 4. Nf3 Ngf6 5. Nc3 e6 6. e4 Be7 7. Qxc4 Nb6 8.
Qb3 O-O 9. Bf4 Bd7 10. Rd1 Rc8 11. Bd3 Qe8 12. Bb1 Ba4 13. Nxa4 Qxa4 14. Qxa4
Nxa4 15. Bc2 Nb6 16. Bg5 Bb4+ 17. Ke2 Rfe8 18. Bxf6 gxf6 19. Bb3 Bf8 20. Rc1 c5
21. dxc5 Bxc5 22. Rc2 Bd6 23. Rhc1 Rxc2+ 24. Rxc2 Kf8 25. g3 Ke7 26. Nd2 Rb8
27. f4 Nd7 28. Nf3 Bc5 29. Bc4 b5 30. Bd3 a6 31. a3 Bb6 32. b4 h6 33. Nd2 Kd8
34. Nb3 Rc8 35. Rxc8+ Kxc8 36. Kf3 e5 37. Bc2 Kc7 38. Kg4 Bg1 39. h4 Bf2 40.
Nc1 Kd6 41. Nd3 Be3 42. Kh5 Bd2 43. Kxh6 exf4 44. gxf4 Ne5 45. Kg7 Nxd3 46.
Bxd3 Bxf4 47. Kxf6 Be5+ 48. Kxf7 Bb2 49. h5 Bxa3 50. h6 Bb2 51. Bb1 Bc3 52. h7
Be5 53. Kg8 1-0